000 02175nmm a2200301 a 4500
003 CO-CtgCURN
005 20250721154345.0
008 230420s2022 xx f 000 0 und d
040 _aCO-CtgCURN
_bspa
_ccoctgcurn
082 _aENF 2022
_bB562c
100 _aBetancourt De La Hoz, Sharoll
_eautora
_97068
245 0 _aConocimientos, adherencia farmacológica y no farmacológica en pacientes hipertensos que asisten a una Entidad Social de Salud (E.S.E) 2022-2
_h[electronic resource] /
_cSharoll Betancourt De La Hoz; Andrea Camargo Narváez; Shaleima Hernández Prieto; María José Orellano Ballestas; tutor., Jorge Andrés Martínez Merlo
260 _aBarranquilla, Atlántico :
_bCorporación Universitaria Rafael Núñez,
_c2022
300 _a1 recurso en línea (74 páginas (PDF)) :
_btablas, imágenes
502 _aTrabajo de Grado (Enfermera). Corporación Universitaria Rafael Núñez. Facultad de Ciencias de la Salud. Programa de Enfermería, 2022
504 _aIncluye referencias bibliográficas
520 _aLa HTA de larga duración puede dañar el corazón y los vasos sanguíneos, para evitar complicaciones a largo plazo, lo ideal es controlar la presión arterial. factores personales que influyen en una poca adherencia al tratamiento dan a largo plazo bajos resultados en salud, en tanto que la adherencia terapéutica aumenta la seguridad de los pacientes, ya que la mayor parte de la atención necesaria para los procesos crónicos se basa en el autocuidado del paciente.
521 _aAREA PROFESIONAL
590 _aPrograma de Enfermería_27
650 _aEnfermería
_vTesis y disertaciones académicas
_97069
700 _aCamargo Narváez, Andrea
_eautor
_97070
700 _aHernández Prieto, Shaleima
_eautora
_97071
700 _aMartínez Merlo, Jorge Andrés
_etutor
_97072
700 _aOrellano Ballestas, María José
_eautora
_97073
856 _uhttps://unicurn.sharepoint.com/:b:/s/biblioteca/EWzd754fwEFHuAUzm_bkJyYBd_iE-qOSjtjEGb1ri7CgVg?e=IhZYvf
_yConsulte aquí el texto completo
942 _cTG
_hENF 2022
_iB562c
_2ddc
_n0
999 _c627
_d627